| 000 | 00754nam a2200217Ii 4500 | ||
|---|---|---|---|
| 003 | JO-AjNU | ||
| 008 | 230605s9999||||xx |||||||||||||| ||und|| | ||
| 017 | _a2016/11/5075 | ||
| 020 | _a978-9957-484-70-5 | ||
| 040 |
_aJO-AjNU _bara _erda _cJO-AjNU |
||
| 041 | _aara | ||
| 050 | 1 | 4 | _aK5256.2016 |
| 100 | 3 |
_aمحمد سليمان أبو رمان, _eauthor _956681 |
|
| 245 | 0 | 0 | _aوسائل منع مكافحة الإرهاب في الشرق الأوسط وشمال أفريقيا وفي الغرب |
| 264 | 3 | 1 | _aعمان: مؤسسة فريدريش ايبرت، 2016 |
| 300 | _a249ص | ||
| 336 |
_atext _btxt _2rdacontent |
||
| 337 |
_aunmediated _bn _2rdamedia |
||
| 338 |
_avolume _bnc _2rdacarrier |
||
| 650 | 4 |
_aمكافحة الارهاب _956682 |
|
| 999 |
_aA25356 _c28924 _d28924 |
||